Normal view
MARC view
Entry Término temático
001 - NÚMERO DE CONTROL
- campo de control: 77346
003 - IDENTIFICADOR DEL NÚMERO DE CONTROL
- campo de control: OSt
005 - FECHA Y HORA DE LA ÚLTIMA TRANSACCIÓN
- campo de control: 20201120125912.0
008 - DATOS DE LONGITUD FIJA
- campo de control de longitud fija: 201120|| aca||aabn | a|a d
040 ## - FUENTE DE LA CATALOGACIÓN
- Centro catalogador/agencia de origen: OSt
- Centro/agencia transcriptor: OSt
150 ## - ENCABEZAMIENTO--TÉRMINO DE MATERIA
- Término de materia o nombre geográfico como elemento de entrada: Escuelas normales
- Subdivisión geográfica: República Dominicana
- Subdivisión geográfica: Santiago
670 ## - FUENTE DE DATOS ENCONTRADOS
- Cita de la fuente: Work cat.: (OSt)31847: Escuela Normal Superior de Santiago. 77344, Memorial de la labor de la Escuela Normal Superior de Santiago durante el año escolar de 1927 a 1928., 1928.
